[Event "GER HS-247 email"]
[Site "GER email"]
[Date "2018.11.16"]
[Round "?"]
[White "Horst, Lothar"]
[Black "Froembgen, Andreas"]
[Result "1-0"]
[WhiteElo "1798"]
[BlackElo "1771"]
[PlyCount "79"]
[EventDate "2018.11.25"]
[EventType "tourn (corr)"]
[EventRounds "6"]
[EventCountry "GER"]
[SourceTitle "Corr 2022"]
[Source "ChessBase"]
[SourceDate "2021.10.24"]
[SourceVersion "1"]
[SourceVersionDate "2021.10.24"]
[SourceQuality "1"]

1. d4 Nf6 2. Nf3 g6 3. c4 Bg7 4. Nc3 0-0 5. e4 d6 6. h3 Nbd7 7. Be3 e5 8. d5 Nc5 9. Nd2 a5 10. Be2 Bd7 11. g4 c6 12. h4 cxd5 13. cxd5 b5 14. g5 Nh5 15. Bxc5 dxc5 16. Bxh5 gxh5 17. Qxh5 a4 18. Qf3 f5 19. Qe3 Be8 20. Rc1 c4 21. h5 f4 22. Qh3 Bd7 23. Qh2 a3 24. b4 cxb3 25. Nxb3 b4 26. h6 Bh8 27. Nd1 Rc8 28. Rxc8 Qxc8 29. f3 Ba4 30. Rg1 Qc4 31. Qh3 Qc8 32. Qxc8 Rxc8 33. Kd2 Kf7 34. Nf2 Bb5 35. Nd3 Bxd3 36. Kxd3 Rc3+ 37. Kd2 Rxf3 38. d6 Rg3 39. Rxg3 fxg3 40. Ke2 1-0

[Event "GER HS-247 email"]
[Site "GER email"]
[Date "2018.11.16"]
[Round "?"]
[White "Horst, Lothar"]
[Black "Socher, Hans Joachim"]
[Result "1/2-1/2"]
[WhiteElo "1798"]
[BlackElo "2048"]
[PlyCount "69"]
[EventDate "2018.11.25"]
[EventType "tourn (corr)"]
[EventRounds "6"]
[EventCountry "GER"]
[SourceTitle "Corr 2022"]
[Source "ChessBase"]
[SourceDate "2021.10.24"]
[SourceVersion "1"]
[SourceVersionDate "2021.10.24"]
[SourceQuality "1"]

1. d4 Nf6 2. c4 e6 3. g3 d5 4. Bg2 Be7 5. Nf3 0-0 6. 0-0 c6 7. Nc3 Nbd7 8. b3 b6 9. Qd3 Ba6 10. e4 dxc4 11. bxc4 e5 12. Ne2 Qc7 13. Qc2 Rfe8 14. Bb2 exd4 15. Nexd4 Ng4 16. Rad1 Rad8 17. Nf5 Bf8 18. Rfe1 Nge5 19. Ne3 Nxf3+ 20. Bxf3 Bb4 21. Bc3 Bxc3 22. Qxc3 Ne5 23. Be2 c5 24. Nd5 Qb8 25. f4 Nc6 26. Bf1 Nd4 27. a4 Bb7 28. Bg2 Bc6 29. a5 b5 30. cxb5 Qxb5 31. Kh1 Bxd5 32. exd5 Rxe1+ 33. Rxe1 Ne2 34. Qd2 Nd4 35. Qc3 1/2-1/2

[Event "GER HS-245 email"]
[Site "GER email"]
[Date "2018.09.24"]
[Round "?"]
[White "Horst, Lothar"]
[Black "Preussner, Michael"]
[Result "1/2-1/2"]
[WhiteElo "1809"]
[BlackElo "1881"]
[PlyCount "58"]
[EventDate "2018.10.03"]
[EventType "tourn (corr)"]
[EventRounds "6"]
[EventCountry "GER"]
[SourceTitle "Corr 2022"]
[Source "ChessBase"]
[SourceDate "2021.10.24"]
[SourceVersion "1"]
[SourceVersionDate "2021.10.24"]
[SourceQuality "1"]

1. d4 d5 2. c4 c6 3. Nf3 Nf6 4. Nc3 dxc4 5. a4 Bf5 6. e3 e6 7. Ne5 Bb4 8. Bxc4 Nbd7 9. Qb3 a5 10. Nxd7 Nxd7 11. 0-0 0-0 12. e4 Bg6 13. f3 Nb6 14. Be3 Nxc4 15. Qxc4 Re8 16. Ne2 f6 17. Nf4 Bf7 18. e5 fxe5 19. dxe5 Qg5 20. Qe4 Qf5 21. Nd3 Qxe4 22. fxe4 Be7 23. Nc5 b5 24. Rfd1 Reb8 25. Rd7 Bxc5 26. Bxc5 bxa4 27. Rd2 Bg6 28. Rxa4 Rb5 29. Bd6 h6 1/2-1/2

[Event "GER OS-331 email"]
[Site "GER email"]
[Date "2017.10.22"]
[Round "?"]
[White "Knauer, Hans Joachim"]
[Black "Horst, Lothar"]
[Result "0-1"]
[WhiteElo "1296"]
[BlackElo "1764"]
[PlyCount "66"]
[EventDate "2017.11.05"]
[EventType "tourn (corr)"]
[EventRounds "6"]
[EventCountry "GER"]
[SourceTitle "Corr 2020"]
[Source "ChessBase"]
[SourceDate "2019.09.30"]
[SourceVersion "1"]
[SourceVersionDate "2019.09.30"]
[SourceQuality "1"]

1. e4 e5 2. Nf3 Nc6 3. Bc4 Nf6 4. Ng5 d5 5. exd5 Na5 6. Bb5+ c6 7. Bd3 cxd5 8. Nc3 a6 9. 0-0 h6 10. Nf3 e4 11. Be2 exf3 12. Bxf3 Be7 13. d4 Be6 14. Bd2 Nc4 15. Qe2 Rc8 16. Bf4 0-0 17. Qd3 Nxb2 18. Qe2 Rxc3 19. Bd2 Rxc2 20. Rab1 b5 21. Qe3 Nc4 22. Qd3 Rxd2 23. Qc3 Ne4 24. Qc1 Bg5 25. g3 Rxf2 26. Rxf2 Bxc1 27. Rxc1 Nxf2 28. Kxf2 Qf6 29. Ke2 Bg4 30. Bxg4 Re8+ 31. Kd3 Re3+ 32. Kc2 Qxd4 33. Bd1 Qb2# 0-1

[Event "GER OS-307 email"]
[Site "GER email"]
[Date "2016.12.05"]
[Round "?"]
[White "Horst, Lothar"]
[Black "Buchmann, Hans Peter"]
[Result "1-0"]
[WhiteElo "1618"]
[BlackElo "1595"]
[PlyCount "57"]
[EventDate "2016.12.12"]
[EventType "tourn (corr)"]
[EventRounds "6"]
[EventCountry "GER"]
[SourceTitle "Corr 2020"]
[Source "ChessBase"]
[SourceDate "2019.09.30"]
[SourceVersion "1"]
[SourceVersionDate "2019.09.30"]
[SourceQuality "1"]

1. e4 c6 2. d4 d5 3. e5 Bf5 4. Nf3 e6 5. Be2 c5 6. 0-0 Ne7 7. dxc5 Nec6 8. Be3 Nd7 9. c4 dxc4 10. Na3 Bxc5 11. Nxc4 Bxe3 12. Nd6+ Ke7 13. fxe3 Ndxe5 14. Nxf5+ exf5 15. Qb3 Qb6 16. Qa3+ Ke6 17. Rac1 Nxf3+ 18. Bxf3 Ne5 19. Bd5+ Kxd5 20. Qe7 f6 21. Rfd1+ Ke4 22. Rc4+ Kxe3 23. Kf1 Qa5 24. b4 Rhd8 25. Re1+ Kd3 26. bxa5 Nxc4 27. Qe2+ Kd4 28. Rd1+ Kc5 29. Qe7+ 1-0

[Event "GER OS-306 email"]
[Site "GER email"]
[Date "2016.12.01"]
[Round "?"]
[White "Buchmann, Hans Peter"]
[Black "Horst, Lothar"]
[Result "1/2-1/2"]
[WhiteElo "1600"]
[BlackElo "1668"]
[PlyCount "87"]
[EventDate "2016.12.05"]
[EventType "tourn (corr)"]
[EventRounds "6"]
[EventCountry "GER"]
[SourceTitle "Corr 2020"]
[Source "ChessBase"]
[SourceDate "2019.09.30"]
[SourceVersion "1"]
[SourceVersionDate "2019.09.30"]
[SourceQuality "1"]

1. Nf3 Nf6 2. c4 e6 3. d4 b6 4. a3 Bb7 5. Nc3 d5 6. cxd5 Nxd5 7. Qc2 Nxc3 8. bxc3 Nd7 9. e4 c5 10. Bd3 Qc7 11. Bd2 Be7 12. Qd1 0-0 13. Qe2 Rfd8 14. a4 Rac8 15. 0-0 Nf8 16. Rfb1 a5 17. g3 Ng6 18. h4 h6 19. Rb2 Bc6 20. Ba6 Rb8 21. Bb5 Bd6 22. Kg2 Qb7 23. Re1 Ne7 24. Bxc6 Qxc6 25. Ra1 Bc7 26. h5 Kh7 27. Rb5 cxd4 28. cxd4 Qd7 29. Rc1 Rbc8 30. Rc2 f6 31. Bc1 Nc6 32. Rc4 Na7 33. Rb3 Re8 34. Be3 Nc6 35. Nh4 Bd8 36. Rbc3 Ne7 37. Nf3 Rb8 38. Bf4 Rb7 39. Qc2 Kg8 40. Qa2 Rf8 41. Rc1 Kh7 42. R4c3 Rg8 43. R3c2 Kh8 44. Qa3 1/2-1/2

[Event "GER OS-295 email"]
[Site "GER email"]
[Date "2016.05.31"]
[Round "?"]
[White "Marten, Gero"]
[Black "Horst, Lothar"]
[Result "1-0"]
[WhiteElo "1818"]
[BlackElo "1654"]
[PlyCount "89"]
[EventDate "2016.06.06"]
[EventType "tourn (corr)"]
[EventRounds "6"]
[EventCountry "GER"]
[SourceTitle "Corr 2020"]
[Source "ChessBase"]
[SourceDate "2019.09.30"]
[SourceVersion "1"]
[SourceVersionDate "2019.09.30"]
[SourceQuality "1"]

1. d4 d5 2. Nf3 Nf6 3. c4 dxc4 4. Qa4+ Nc6 5. Nc3 e6 6. a3 Bd7 7. Qxc4 Be7 8. e4 0-0 9. Qd3 Na5 10. Qc2 Rc8 11. b4 Nc6 12. Bd3 h6 13. 0-0 Re8 14. Rd1 Bf8 15. h3 a5 16. b5 Na7 17. Be3 c6 18. bxc6 Nxc6 19. Qb2 Qc7 20. Nb5 Qb8 21. Ne5 Red8 22. Nxd7 Rxd7 23. Rac1 Rcd8 24. Bb1 Na7 25. Nxa7 Qxa7 26. Qc2 g6 27. Qa4 b5 28. Qxb5 Bxa3 29. Rc6 Qb7 30. Rb6 Qc7 31. Ra6 Bb4 32. Rc1 Rb8 33. Rxc7 Rxb5 34. Rc8+ Kg7 35. Bc2 g5 36. Ba4 Rbb7 37. Bxd7 Rxd7 38. f3 Ng8 39. Rca8 Bc3 40. R8a7 Rxa7 41. Rxa7 Nf6 42. Kf1 Bb4 43. d5 exd5 44. Bd4 dxe4 45. fxe4 1-0

[Event "GER OS-294 email"]
[Site "GER email"]
[Date "2016.05.09"]
[Round "?"]
[White "Braesel, Walter"]
[Black "Horst, Lothar"]
[Result "0-1"]
[WhiteElo "1819"]
[BlackElo "1654"]
[PlyCount "60"]
[EventDate "2016.05.16"]
[EventType "tourn (corr)"]
[EventRounds "6"]
[EventCountry "GER"]
[SourceTitle "Corr 2020"]
[Source "ChessBase"]
[SourceDate "2019.09.30"]
[SourceVersion "1"]
[SourceVersionDate "2019.09.30"]
[SourceQuality "1"]

1. e4 c5 2. Nf3 d6 3. d4 cxd4 4. Nxd4 Nf6 5. f3 a6 6. c4 e6 7. Nc3 Be7 8. Be3 0-0 9. Be2 b6 10. 0-0 Bb7 11. Qd2 Nbd7 12. a4 Re8 13. a5 d5 14. exd5 exd5 15. Nf5 dxc4 16. Bxc4 Rc8 17. Ba2 Bf8 18. Bd4 g6 19. Nh6+ Bxh6 20. Qxh6 bxa5 21. f4 Be4 22. f5 Bxf5 23. Rad1 Rc6 24. Qg5 Bc2 25. Bxf7+ Kxf7 26. Bxf6 Rxf6 27. Rxf6+ Kg7 28. Rdd6 Qc7 29. Rfe6 Rxe6 30. Rxe6 Qc5+ 0-1

[Event "GER OS-294 email"]
[Site "GER email"]
[Date "2016.05.09"]
[Round "?"]
[White "Horst, Lothar"]
[Black "Bartsch, Reinhard Andrea"]
[Result "0-1"]
[WhiteElo "1654"]
[BlackElo "1855"]
[PlyCount "98"]
[EventDate "2016.05.16"]
[EventType "tourn (corr)"]
[EventRounds "6"]
[EventCountry "GER"]
[SourceTitle "Corr 2020"]
[Source "ChessBase"]
[SourceDate "2019.09.30"]
[SourceVersion "1"]
[SourceVersionDate "2019.09.30"]
[SourceQuality "1"]

1. d4 Nf6 2. c4 e6 3. Nf3 d5 4. Nc3 Bb4 5. cxd5 Nxd5 6. Bd2 Nxc3 7. bxc3 Be7 8. e4 0-0 9. Bc4 c5 10. 0-0 Nc6 11. Bf4 Na5 12. Be2 cxd4 13. cxd4 b6 14. Rc1 Bd6 15. e5 Be7 16. Bd2 Bb7 17. Qa4 a6 18. Rfd1 Bd5 19. Ne1 h6 20. f4 Rb8 21. Bxa5 bxa5 22. Nd3 Rb5 23. Bf1 Qb6 24. Nc5 Rb4 25. Qd7 Bh4 26. a3 Rd8 27. axb4 Rxd7 28. Nxd7 Qb7 29. Nc5 Qxb4 30. Nxa6 Qb2 31. Rc8+ Kh7 32. Rc2 Qa3 33. Bd3+ g6 34. Nc5 Be7 35. Kf2 Bxc5 36. Rxc5 Qb2+ 37. Bc2 Qb7 38. Rd3 Qb4 39. Rd1 a4 40. f5 gxf5 41. g4 Qa3 42. gxf5 Qf3+ 43. Ke1 exf5 44. Kd2 Be4 45. Rc3 Qf4+ 46. Ke1 a3 47. Bxe4 Qxe4+ 48. Kf1 a2 49. Rcc1 f4 0-1

[Event "GER OS-279 email"]
[Site "GER email"]
[Date "2015.10.19"]
[Round "?"]
[White "Horst, Lothar"]
[Black "Bloesl, Sven"]
[Result "0-1"]
[WhiteElo "1631"]
[BlackElo "2052"]
[PlyCount "72"]
[EventDate "2015.10.28"]
[EventType "tourn (corr)"]
[EventRounds "6"]
[EventCountry "GER"]
[SourceTitle "Corr 2020"]
[Source "ChessBase"]
[SourceDate "2019.09.30"]
[SourceVersion "1"]
[SourceVersionDate "2019.09.30"]
[SourceQuality "1"]

1. d4 Nf6 2. Nf3 g6 3. c4 Bg7 4. Nc3 0-0 5. e4 d6 6. Be2 e5 7. d5 a5 8. h3 Na6 9. Bg5 Nc5 10. Nd2 Bd7 11. Rb1 h6 12. Be3 Ne8 13. g4 f5 14. exf5 gxf5 15. g5 hxg5 16. Rg1 Bf6 17. Bxg5 Bxg5 18. Nf3 Rf7 19. Nxg5 Rg7 20. h4 Qf6 21. Kd2 Qh6 22. Rh1 Nf6 23. Kc2 Nfe4 24. Ncxe4 fxe4 25. Qg1 Bf5 26. Re1 Rf8 27. Rf1 Bh7 28. Kd2 Rf4 29. Qh2 c6 30. b3 cxd5 31. cxd5 Kh8 32. Bc4 Qg6 33. Nxh7 Qxh7 34. Kc3 Nd3 35. h5 Rc7 36. a4 b5 0-1

[Event "GER OS-278 email"]
[Site "GER email"]
[Date "2015.10.03"]
[Round "?"]
[White "Ilzig, Gerhard Gunther"]
[Black "Horst, Lothar"]
[Result "1-0"]
[WhiteElo "1553"]
[BlackElo "1631"]
[PlyCount "73"]
[EventDate "2015.10.10"]
[EventType "tourn (corr)"]
[EventRounds "6"]
[EventCountry "GER"]
[SourceTitle "Corr 2020"]
[Source "ChessBase"]
[SourceDate "2019.09.30"]
[SourceVersion "1"]
[SourceVersionDate "2019.09.30"]
[SourceQuality "1"]

1. b4 e5 2. Bb2 Nf6 3. Bxe5 Nc6 4. Bb2 Bxb4 5. c4 0-0 6. e3 d5 7. Nf3 Re8 8. cxd5 Nxd5 9. a3 Bd6 10. Be2 Bg4 11. 0-0 Qd7 12. d4 Re6 13. Nbd2 Rae8 14. Re1 Rh6 15. g3 Nf6 16. Rc1 Ne4 17. d5 Nd8 18. Nxe4 Rxe4 19. Qc2 Qf5 20. Nd4 Qh5 21. h4 Qg6 22. Bd3 f5 23. f4 Rh5 24. Qg2 Re7 25. Nb5 Qe8 26. Nxd6 cxd6 27. Bd4 Nf7 28. Bxa7 h6 29. Rc3 Qa4 30. Bd4 Qa5 31. Rc8+ Kh7 32. Rb1 b6 33. Rxb6 Qe1+ 34. Bf1 Rxe3 35. Bxe3 Qxe3+ 36. Qf2 Qe7 37. Rbb8 1-0

[Event "GER OS-271 email"]
[Site "GER email"]
[Date "2015.07.13"]
[Round "?"]
[White "Buchmann, Hans Peter"]
[Black "Horst, Lothar"]
[Result "1/2-1/2"]
[WhiteElo "1691"]
[BlackElo "1641"]
[PlyCount "60"]
[EventDate "2015.07.20"]
[EventType "tourn (corr)"]
[EventRounds "6"]
[EventCountry "GER"]
[SourceTitle "Corr 2020"]
[Source "ChessBase"]
[SourceDate "2019.09.30"]
[SourceVersion "1"]
[SourceVersionDate "2019.09.30"]
[SourceQuality "1"]

1. Nf3 d5 2. g3 Nf6 3. Bg2 c6 4. d3 Nbd7 5. 0-0 e5 6. c4 dxc4 7. dxc4 Be7 8. b3 0-0 9. Qc2 Qc7 10. Bb2 e4 11. Nd4 e3 12. f3 Re8 13. Rd1 Ne5 14. Nc3 Bf8 15. Na4 Bd7 16. Nf5 Rad8 17. Bd4 c5 18. Bc3 Nc6 19. Nh6+ gxh6 20. Bxf6 Nd4 21. Bxd8 Qxd8 22. Qb2 Bg7 23. Kh1 Nxf3 24. Qa3 Nd2 25. Nxc5 Bxa1 26. Nxd7 Qxd7 27. Rxa1 b6 28. Qb2 Qg4 29. Re1 Qf5 30. Qd4 Qe5 1/2-1/2

[Event "GER OS-270 email"]
[Site "GER email"]
[Date "2015.07.05"]
[Round "?"]
[White "Wernitz, Helmut"]
[Black "Horst, Lothar"]
[Result "1-0"]
[WhiteElo "1398"]
[BlackElo "1641"]
[PlyCount "101"]
[EventDate "2015.07.16"]
[EventType "tourn (corr)"]
[EventRounds "6"]
[EventCountry "GER"]
[SourceTitle "Corr 2020"]
[Source "ChessBase"]
[SourceDate "2019.09.30"]
[SourceVersion "1"]
[SourceVersionDate "2019.09.30"]
[SourceQuality "1"]

1. d4 d5 2. e4 dxe4 3. Nc3 Nf6 4. f3 exf3 5. Nxf3 g6 6. Bf4 Bg7 7. Qd2 0-0 8. Bc4 Nc6 9. 0-0-0 a6 10. d5 Na7 11. Bb3 b5 12. Qe2 a5 13. a4 bxa4 14. Bxa4 Bg4 15. Rhe1 Nc8 16. h3 Bxf3 17. Qxf3 Rb8 18. Bc6 Nd6 19. Na4 Nd7 20. c3 f5 21. Qe3 Ne4 22. g4 Rf7 23. gxf5 gxf5 24. Qa7 Be5 25. Be3 Ndf6 26. Rg1+ Kh8 27. Rdf1 Ng3 28. Rxg3 Bxg3 29. Nc5 f4 30. Ne6 Qg8 31. Bd4 Rc8 32. Bb7 Rb8 33. Rg1 h5 34. h4 Re8 35. Nxc7 Rd8 36. Ne6 Rd7 37. Qa6 Qb8 38. Bc6 Rd6 39. Qe2 Rh7 40. Qe5 Qc8 41. Ng5 Rg7 42. Ne4 Rxc6 43. dxc6 Qxc6 44. Nxf6 exf6 45. Qxf6 Qxf6 46. Bxf6 Kg8 47. Bxg7 Kxg7 48. Kd2 Kf6 49. Ke2 Bxh4 50. Rh1 Bg5 51. Rxh5 1-0